Selling and Sales Management (Record no. 11679)

MARC details
000 -LEADER
fixed length control field 00438nam a22001817a 4500
003 - CONTROL NUMBER IDENTIFIER
control field OSt
008 - FIXED-LENGTH DATA ELEMENTS--GENERAL INFORMATION
fixed length control field 230109b ||||| |||| 00| 0 eng d
020 ## - INTERNATIONAL STANDARD BOOK NUMBER
International Standard Book Number 9789352866045
082 ## - DEWEY DECIMAL CLASSIFICATION NUMBER
Classification number 658.81 JOS
100 ## - MAIN ENTRY--PERSONAL NAME
Personal name JOBBER,David
245 ## - TITLE STATEMENT
Title Selling and Sales Management
250 ## - EDITION STATEMENT
Edition statement 10th Ed
260 ## - PUBLICATION, DISTRIBUTION, ETC. (IMPRINT)
Place of publication, distribution, etc UP
Name of publisher, distributor, etc Pearson
Date of publication, distribution, etc 2020
300 ## - PHYSICAL DESCRIPTION
Extent 522
650 ## - SUBJECT ADDED ENTRY--TOPICAL TERM
Topical term or geographic name as entry element Selling and Sales Management
700 ## - ADDED ENTRY--PERSONAL NAME
Personal name LANCASTER,Geoffrey
942 ## - ADDED ENTRY ELEMENTS (KOHA)
Source of classification or shelving scheme Dewey Decimal Classification
Koha item type Reference Books
Holdings
Withdrawn status Lost status Source of classification or shelving scheme Damaged status Not for loan Collection code Home library Current library Date acquired Source of acquisition Currency Cost, normal purchase price Bill Number Total Checkouts Full call number Acc. no. / Barcode Date last seen Actual Cost, discounted price Bill Date Koha item type
    Dewey Decimal Classification     MBA PIET C-LIBRARY PIET C-LIBRARY 09/12/2022 International Book Centre IN Rupees 825.00 IB/IN/851   658.81 JOS 34340 09/01/2023 569.25 09/12/2022 Reference Books
    Dewey Decimal Classification     MBA PIET C-LIBRARY PIET C-LIBRARY 11/03/2023 International Book Centre IN RUPEES 910.00 IB/IN/1279   658.81 JOS 34742 27/03/2023 605.00 11/03/2023 Text Books

Design & Developed by: PIET Central Library
R70 Miles Stone Pattikalyana Samalkha Panipat 132102
mail ID :- [email protected], Phone No:- 0180-2569700 Ex.216